| 000 | 00000nas 2200000za 4500 |
|---|---|
| 001 | 9.506864 |
| 003 | CaOODSP |
| 005 | 20201230151448 |
| 007 | cr ||||||||||| |
| 008 | 150406d19972010xxc|| p o||||f| |0eng|d |
| 040 | |aCaOODSP|beng |
| 043 | |an-cn--- |
| 086 | 1 |aA92-20E-PDF |
| 110 | 2 |aCanadian Grain Commission. |
| 245 | 10|aQuality of Canadian soybeans |h[electronic resource] |
| 260 | |aWinnipeg - Manitoba : |bCanadian Grain Commission |
| 310 | |aAnnual |
| 362 | 1 |a[2000]-- |
| 775 | 08|tQualité de la récolte de soja |w(CaOODSP)9.503261 |
| 775 | 08|tQualité du soja canadien |w(CaOODSP)9.503296 |